MARC

LEADER 00000nam0a2200000 4500
001 170698
005 20231031163745.0
010 |a 5020287296 
035 |a (RuTPU)RU\TPU\book\185103 
090 |a 170698 
100 |a 20091125d1988 m y0rusy50 ca 
101 0 |a rus 
102 |a RU 
105 |a a z 001zy 
200 1 |a Педагогические возможности ЭВМ  |e опыт, проблемы, перспективы  |f Г. В. Фролова 
210 |a Новосибирск  |c Наука  |d 1988 
215 |a 173 с.  |c ил. 
225 1 |a Наука и технический прогресс 
320 |a Библиогр.: с. 170-171. 
610 1 |a учебно-воспитательная работа 
610 1 |a технические средства 
610 1 |a использование 
610 1 |a вычислительные машины 
610 1 |a электронные машины 
610 1 |a персональные ЭВМ 
686 |a Ч481.23  |v LBC/SL-A  |2 rubbk 
700 1 |a Фролова  |b Г. В.  |g Галина Васильевна 
801 1 |a RU  |b 63413507  |c 20091125 
801 2 |a RU  |b 63413507  |c 20201211  |g RCR 
942 |c BK